书目信息 |
| 题名: |
阅读
|
|
| 作者: | 陈志宏 编著 | |
| 分册: | ||
| 出版信息: | 延吉 延边大学出版社 2012 |
|
| 页数: | 184页 | |
| 开本: | 23cm | |
| 丛书名: | 青春励志系列 | |
| 单 册: | ||
| 中图分类: | G792-49 | |
| 科图分类: | ||
| 主题词: | 读书方法--du shu fang fa--青年读物 | |
| 电子资源: | ||
| ISBN: | 978-7-5634-4863-0 | |
| 000 | 00968nam 2200277 45 | |
| 001 | 012001004106 | |
| 005 | 20131016111752.0 | |
| 010 | @a978-7-5634-4863-0@dCNY29.80 | |
| 099 | @aCAL 012012235005 | |
| 100 | @a20120824d2012 demy0chiy50 ea | |
| 101 | 0 | @achi |
| 102 | @aCN@b220000 | |
| 105 | @ay z 000yy | |
| 106 | @ar | |
| 200 | 1 | @a阅读@Ayue du@e改变人生的轨迹@f陈志宏编著 |
| 210 | @a延吉@c延边大学出版社@d2012 | |
| 215 | @a184页@d23cm | |
| 225 | 2 | @a青春励志系列@Aqing chun li zhi xi lie |
| 330 | @a本书荟萃了古今中外多位名人的读书心得及经验, 旨在让读者在阅读的同时还能够摒弃那些不得法的阅读习惯和作法, 真正能从人类优秀的思想和智慧中披水沥金, 获得阅读的喜悦和成果。 | |
| 410 | 0 | @12001@a青春励志系列 |
| 517 | 1 | @a改变人生的轨迹@Agai bian ren sheng de gui ji |
| 606 | 0 | @a读书方法@Adu shu fang fa@j青年读物 |
| 690 | @aG792-49@v5 | |
| 701 | 0 | @a陈志宏@Achen zhi hong@4编著 |
| 801 | @b江苏凤凰@c20191020 | |
| 905 | @b1234787-91@dG792-49@e1606@f5 | |
| 阅读:改变人生的轨迹/陈志宏编著.-延吉:延边大学出版社,2012 |
| 184页;23cm.-(青春励志系列) |
| ISBN 978-7-5634-4863-0:CNY29.80 |
| 本书荟萃了古今中外多位名人的读书心得及经验, 旨在让读者在阅读的同时还能够摒弃那些不得法的阅读习惯和作法, 真正能从人类优秀的思想和智慧中披水沥金, 获得阅读的喜悦和成果。 |
| ● |
| 相关链接 |
|
|
|
|
正题名:阅读
索取号:G792-49/1606
 
预约/预借
| 序号 | 登录号 | 条形码 | 馆藏地/架位号 | 状态 | 备注 |
| 1 | 1234787 | 212347879 | 第一样本阅览室/ [索取号:G792-49/1606] | 在馆 | |
| 2 | 1234788 | 212347888 | 第四借阅区/ [索取号:G792-49/1606] | 在馆 | |
| 3 | 1234789 | 212347897 | 第四借阅区/ [索取号:G792-49/1606] | 在馆 | |
| 4 | 1234790 | 212347904 | 教育系资料室/ [索取号:G792-49/1606] | 在馆 | |
| 5 | 1234791 | 212347913 | 教育系资料室/ [索取号:G792-49/1606] | 在馆 |